000 00626nam a2200229Ia 4500
005 20250425162831.0
008 250425s9999 xx 000 0 und d
020 _a9789588443805
041 _aspa
044 _ack
100 _aMALAGON LONDOÑO, GUSTAVO
245 0 _aSALUD PUBLICA: CONCEPTOS, APLICACIONES Y DESAFIOS
250 _a3A ED.
264 _aColombia, BOGOTA
_bEDITORIAL MEDICA PANAMERICANA
_c2020.
300 _a820
650 _aPARTICIPACION COMUNITARIA
650 _aPLANIFICACION DE LA SALUD
650 _aSALUD PUBLICA
700 _aREYNALES LONDONO, JAIRO
942 _c01
010 _a111199
999 _c237382
_d237382